Biology - XI (Record no. 1091)

MARC details
000 -LEADER
fixed length control field 00263nam a2200109 4500
008 - FIXED-LENGTH DATA ELEMENTS--GENERAL INFORMATION
fixed length control field 160629b xxu||||| |||| 00| 0 eng d
100 ## - MAIN ENTRY--PERSONAL NAME
9 (RLIN) 1333
Personal name Maheswari., et al
245 ## - TITLE STATEMENT
Title Biology - XI
260 ## - PUBLICATION, DISTRIBUTION, ETC. (IMPRINT)
Place of publication, distribution, etc. N.D
Name of publisher, distributor, etc. Arya
Date of publication, distribution, etc. 2004
300 ## - PHYSICAL DESCRIPTION
Extent Biology - XI
942 ## - ADDED ENTRY ELEMENTS (KOHA)
Source of classification or shelving scheme Dewey Decimal Classification
Koha item type BOOK
Holdings
Withdrawn status Lost status Source of classification or shelving scheme Damaged status Not for loan Home library Current library Shelving location Date acquired Total Checkouts Full call number Barcode Date last seen Date last checked out Price effective from Koha item type
    Dewey Decimal Classification     Good Samaritan School Library Good Samaritan School Library   06/29/2016 1 574 MAH1812 10/28/2019 10/21/2019 06/29/2016 BOOK

Powered by Koha